京陵行

資料類型: Book 圖書   書目號:53148

Leader xxxxxxxxxx
001 __ PCLIS00053148
005 __ 20091014102047.0
010 0_ |a9789861675060|b首部曲 : 平裝|dNT$199
010 0_ |a9789861675053|b二部曲: 平裝|dNT$199
010 0_ |a9789861675046|b三部曲: 平裝|dNT$199
020 __ |atw|b97018882
042 __ |anbic
042 __ |anbi9808bps
050 __ |a001983334
100 __ |a20081212d2008       y0chiy09      e
101 0_ |achi
102 __ |atw
105 __ |ay   z   000ay
200 1_ |a京陵行|e|f岸上風著
205 __ |a初版
210 __ |a臺北縣深坑鄉|c新潮社出版|a臺北縣中和市|c旭昇圖書代理|d2008
215 0_ |a3冊|c|d21公分
225 1_ |a名家排行榜|v13-15
300 __ |a
327 1_ |a首部曲, 星落天河|a二部曲, 汴京狼煙|a三部曲, 狂云鋤奸
463 _0 |12001 |a星落天河
463 _0 |12001 |a汴京狼煙
463 _0 |12001 |a狂云鋤奸
681 __ |a857.9|b8655
700 _0 |a|b上風|c(中國文學)|4702 __ |a|b|4
801 _0 |atw|bCIP|c20081002|gCCR
801 _1 |atw|bCIP|c20081002|gCCR
801 _2 |atw|b國圖|c20091013|gCCR
詳細館藏 1-3 筆 (共 3 筆)
索 書 號登 錄 號冊次號館別 / 館藏地流通類型狀態加入預約清單電子資源
857.9 / 8655 2020558 v.1 圖書館 / 一樓普通區 可外借30天 在館   
857.9 / 8655 2020559 v.2 圖書館 / 一樓普通區 可外借30天 在館   
857.9 / 8655 2020560 v.3 圖書館 / 一樓普通區 可外借30天 在館   

| 條列資料




目錄查詢 分類查詢 個人資料 圖書薦購 新書查詢 閉館日 排行榜 更多電子資源 Hami書城 線上資料庫 登出

From : 216.73.216.116

  本日流通累計至 14:03:14 借閱 : 6 次 續借 : 0 次 歸還 : 2 次 預約 : 0 次 電子資源 : 0 次


內湖高中圖書館  PCLIS 版本  25.5.0.2